Scale of professional charges (Record no. 112556)

MARC details
000 -LEADER
fixed length control field 00495cam a22001815a 4500
001 - CONTROL NUMBER
control field E153501
008 - FIXED-LENGTH DATA ELEMENTS--GENERAL INFORMATION
fixed length control field 110802s1967 xxk f 000 0 eng d
035 ## - SYSTEM CONTROL NUMBER
System control number (Sirsi) u153501
041 0# - LANGUAGE CODE
Language code of text/sound track or separate title eng
110 2# - MAIN ENTRY--CORPORATE NAME
Corporate name or jurisdiction name as entry element Royal Institution of Chartered Surveyors
Subordinate unit General Practice Section
9 (RLIN) 5962
245 00 - TITLE STATEMENT
Title Scale of professional charges
260 ## - PUBLICATION, DISTRIBUTION, ETC.
Place of publication, distribution, etc. Dublin
Name of publisher, distributor, etc. RICS
Date of publication, distribution, etc. 1967
300 ## - PHYSICAL DESCRIPTION
Extent 12p.
Dimensions 12cm.
520 ## - SUMMARY, ETC.
Summary, etc. Revised 1967.
651 #4 - SUBJECT ADDED ENTRY--GEOGRAPHIC NAME
Geographic name Ireland (Republic of)
Chronological subdivision
690 ## - LOCAL SUBJECT ADDED ENTRY--TOPICAL TERM (OCLC, RLIN)
Topical term or geographic name as entry element ABOUT RICS
942 ## - ADDED ENTRY ELEMENTS (KOHA)
Suppress in OPAC 0
Holdings
Withdrawn status Lost status Source of classification or shelving scheme Damaged status Not for loan Home library Current library Shelving location Date acquired Total Checkouts Full call number Barcode Date last seen Copy number Price effective from Koha item type
    Dewey Decimal Classification     Historic collection Historic collection RICS Boxes 02/08/2011   RICS 1967 30077010 06/08/2019 1 06/08/2019 Archive